Sequential Tests

Na minha lista:
Detalhes bibliográficos
Formato: Livro
Idioma:inglês
Publicado em: Leipzig Teubner 1985
Edição:1. ed.
Colecção:Teubner. Texte zur Mathematik Bd.74
Tags: Adicionar Tag
Sem tags, seja o primeiro a adicionar uma tag!

MARC

LEADER 00000nam a2200000 4500
001 c029322
005 20260129135354.9
041 0 |a eng 
044 |a DE 
245 1 0 |a Sequential Tests  |c Karl-Heinz Eger 
250 |a 1. ed. 
264 1 |a Leipzig  |b Teubner  |c 1985 
300 |a 172 s. 
490 1 |a Teubner. Texte zur Mathematik  |v Bd.74 
830 0 |a Teubner. Texte zur Mathematik  |v Bd.74